| 000 | 00826cam a2200241 a 4500 | ||
|---|---|---|---|
| 001 | 000007171 | ||
| 005 | 20200929154103.0 | ||
| 008 | 831029r19531969mx 000 0 spa d | ||
| 040 |
_aDO-SdBNP _cCarP _dDLC _dBNPHU |
||
| 043 | _an-mx | ||
| 082 |
_a927.45 _bD111M |
||
| 100 | 1 |
_aMerejkovski, Demetrio, _d1865-1941. _919914 |
|
| 240 | 0 | 0 |
_aLeonardo Da Vinci _lEspañol |
| 245 | 1 | 0 |
_aLeonardo de Vinci : _bel romance de su vida / _cDemetrio Merejkovski ; versión española de Carlos del Corral Casal. |
| 250 | _a6ta impresión de la 1ra ed. | ||
| 260 |
_aMéxico : _bDiana ;, _c1953. |
||
| 300 |
_a532 p. ; _c20 cm. |
||
| 650 | 4 |
_aDa vinci, leonardo, _y1452-1519 _919915 |
|
| 650 | 4 |
_aPintores _zItalia _xBiografía _919916 |
|
| 700 | 1 |
_aCorral Casal, Carlos del, _etr. _919917 |
|
| 910 | _aCatalogación derivada | ||
| 049 | _aBNGR | ||
| 999 |
_c6952 _d6952 |
||